| 000 | 00452cam a2200157ua 4500 | ||
|---|---|---|---|
| 041 |
_aeng _h |
||
| 082 |
_a828.09 _bSHA/SH |
||
| 100 | _aShakespeare, William. | ||
| 245 |
_aShakespeare`s England:an account of the life and manners of his age vol-1 / _cWilliam Shakespeare. _hTextual Documents |
||
| 250 |
_a1 / _b. |
||
| 260 |
_aLondon : _bOxford University Press , _c1966. |
||
| 300 | _a546 ; . | ||
| 504 | _a | ||
| 942 | _cBK | ||
| 999 |
_c6831 _d6831 |
||